000 00599nam a2200181Ia 4500
008 140110s9999 xx 000 0 und d
020 _a9788123017679
_cRs.345.00
040 _aLoreto College
041 _aEnglish
082 _a050/IND
_bLCLIB/49936
245 _aIndia 2012
_bA reference annual
_cCompiled by Research, Reference and Training Division
250 _a56th ed
260 _aNew Delhi
_bPublications Division, Ministry of Information and Broadcasting, Govt. of India
_c2012
300 _a1401p
_c25 cm
650 _aIndia, Reference Annual
850 _aLCLIB/050/IND
942 _cBK
999 _c38484
_d88963